000 00575nam a2200193Ia 4500
003 GCL
008 140319s9999 xx 000 0 ara d
040 _aGCL /
_cGCL
082 0 4 _a150.1952
_bا م
100 1 _aايرك فروم
245 1 0 _aمهمة فرويد: تحليل لشخصيتة وتاثيرة /
_cايرك فروم
260 _a[S.N] :
_bالمؤسسة الحديثة للكتاب ،
_c1987
300 _a118 ص
490 _a
650 0 4 _aعلم النفس
650 0 4 _aالتحليل النفسى
650 0 4 _aمذهب فرويد
942 _2ddc
_cBK
999 _c56746
_d56746